000 01106cam a22002535a 4500
005 20260312161708.0
008 260312t2024 xxk fo 000 0 ita d
020 _a9781783215638
041 0 _ager
110 2 _aRoyal Institution of Chartered Surveyors
_94900
245 0 0 _aValutazione RICS – Standard globali
_h[electronic resource]
246 _aItalian translation of RICS Valuation Global Standards
260 _aLondon,
_bRICS,
_cDecember 2024
300 _a132p.
490 _aRICS Red Book
500 _aLa versione in lingua inglese di Valutazione RICS – Standard globali, pubblicata da RICS, è l'unica versione ufficiale di questi standard e costituirà il riferimento definitivo a fini normativi
520 _aPublished December 2024, effective from 31 Jan 2025
650 2 4 _aRED BOOK
650 2 4 _aGLOBAL VALUATION STANDARDS 2022
651 4 _aInternational
690 _aValuation
_96273
856 4 0 _uhttps://www.rics.org/content/dam/ricsglobal/documents/standards/red-book-global/Red-Book-Global-Standards-2024-Italian.pdf
_zAvailable on RICS.org
942 _n0
_2ddc
999 _c122325
_d122325